000 01646cam a22003857a 4500
003 CHAP
005 20220329141937.0
008 980828m1998 mx rs o00110 spa d
010 _a76043
011 _a77015
020 _a9701318463
035 _a86611
040 _cCHAP
082 0 4 _a312.0972
_bI53 Pue.
110 2 _aInstituto Nacional de Estadística, Geografía e Informática. México
_959304
245 1 0 _aEstadísticas vitales del estado de Puebla
_c/por Instituto Nacional de Estadística, Geografía e Informática
260 _aAguascalientes, Ags. :
_bInstituto Nacional de Estadística, Geografía e Informática,
_c1998-
300 _av. :
_bgráfs. ; cuadros
500 _aLa biblioteca tiene : 1985-95, 1996-97, 1998, 1999
590 _aBATCH-UPD
_b10
_c20130110
_lUCH01
_h2244
590 _aBATCH-UPD
_b10
_c20130410
_lUCH01
_h1538
590 _aBATCH-UPD
_b10
_c20130914
_lUCH01
_h1923
590 _aCONVERSION
_b10
_c20130109
_lUCH01
_h1342
650 1 4 _aPoblación
_xEstadísticas
_zPuebla.
_989393
650 1 4 _aPoblación
_zPuebla.
_989433
650 1 4 _aPuebla
_xEstadísticas.
_992876
901 _aBK
905 _aGuadalupe Pinto C.
942 _cLIBRO
949 _a312.0972 I53 Pue.
_bBC
_cINEGI
_d33724000696712
_eINEGI
_f1985-95
_h93973
_i86611
_sb
949 _a312.0972 I53 Pue.
_bBC
_cINEGI
_d33724000696720
_eINEGI
_f1985-95 c.2
_h93974
_i86611
_sb
949 _a312.0972 I53 Pue.
_bBC
_cINEGI
_d33724000737037
_eINEGI
_f1996-97
_h95498
_i86611
_sb
949 _a312.0972 I53 Pue.
_bBC
_cINEGI
_d33724000801023
_eINEGI
_f1998
_h97969
_i86611
_sb
949 _a312.0972 I53 Pue.
_bBC
_cINEGI
_d33724000851986
_eINEGI
_f1999
_h101385
_i86611
_sb
999 _c76043
_d76043